Vocabulari de paraules tècniques textils / Pere Prat i Colomé
Descripción Física:
32 p. ; 22 cm
MARC
| LEADER | 00000nam a2200000Ia 4500 | ||
|---|---|---|---|
| 001 | 9235 | ||
| 003 | BGR | ||
| 005 | 20260410113708.0 | ||
| 008 | 160829s9999 xx 000 0 cat d | ||
| 080 | |a FU-10-10 | ||
| 100 | |a Prat i Colomé, Pere |9 26055 | ||
| 245 | |a Vocabulari de paraules tècniques textils / Pere Prat i Colomé | ||
| 260 | |a Barcelona : |b La Unió Industrial, [190 - ?] | ||
| 300 | |a 32 p. ; |c 22 cm | ||
| 650 | |a Indústria tèxtil |x Terminologia |9 26056 | ||
| 650 | |a Català tècnic |9 31554 | ||
| 710 | 2 | |a La Unió Industrial (Barcelona) |9 71369 | |
| 856 | 4 | |u https://media.diba.cat/diba/fitxers/arxiu/fulletons/bib_9235_baixa.pdf |y Accés lliure | |
| 856 | 4 | |u https://media.diba.cat/diba/fitxers/arxiu/fulletons/bib_9235_baixa.pdf |y Accés lliure | |
| 900 | |a bib_9235_baixa.pdf | ||
| 901 | |a Arxiu | ||
| 942 | |n 1 |2 udc |c MON | ||
| 952 | |0 0 |1 0 |4 0 |6 FU1010 |7 1 |9 43867 |a Arxiu |b Arxiu |d 2016-12-01 |l 0 |o FU-10-10 |p 9235 |r 2016-12-01 00:00:00 |w 2016-12-01 |y ARXIU | ||
| 999 | |c 46447 |d 46447 | ||